000 00656nam a2200277Ia 4500
005 20260324144423.0
008 008 260324s9999 xx 000 0 eng d
020 _a9781003211709
037 _aEBOOK
040 _aCRL
040 _beng
040 _cCRL
041 _2eng
041 _aeng
084 _qCRL
100 _aAnna C. Bramwell; Michael R. Marrus
_91219253
245 0 _aRefugees in the Age of Total War
260 _bTaylor and Francis
260 _c1988
365 _a
365 _b205
856 _uhttp://www.taylorfrancis.com/books/9781003211709
942 _cEBOOK
999 _c1825848
_d1825848